| 000 | 00536nam a2200181Ia 4500 | ||
|---|---|---|---|
| 001 | 3194 | ||
| 005 | 20260306144903.0 | ||
| 008 | 260306t1995||||xx |||||||||||||| ||spa|| | ||
| 041 | _aESP | ||
| 082 |
_a261.80983 _bG62 |
||
| 100 |
_aGómez de Benito, Justino _eAUT |
||
| 245 | 0 |
_aProyectos de Iglesia y proyectos de sociedad en Chile (1961-1990): _banálisis de las orientaciones pastorales de la Iglesia en Chile |
|
| 260 | _c1995 | ||
| 300 |
_a353 páginas : _c19 cm. |
||
| 650 | _aGEN | ||
| 654 | _aCHU | ||
| 942 |
_cLIB _dJUS _fJUS _2ddc _n |
||
| 999 |
_c3194 _d3194 |
||